000 00398nam a22001577a 4500
003 OSt
005 20240813121645.0
008 240813b |||||||| |||| 00| 0 eng d
020 _a9789351611738
040 _c
082 _212
_a519.2
_bKAP
245 _aFundamentals of Mathematical statistics
_cGupta,S.C
250 _a12
260 _bS.Chand and Co
_c2023
942 _2ddc
_cBK
_e12
_k519.2
_mKAP
_n0
999 _c36068
_d36068